Les aliments - Statistiques

Statistiques générales
  • Ce quiz a été pris 212 fois
  • Le résultat moyen est 15 sur 48
Statistiques - réponses
Hint Réponse % Correct
fruit la pomme
91%
fruit la fraise
81%
fruit la banane
77%
fruit la poire
73%
produit laitier le lait
67%
fruit la framboise
58%
boisson le coca
56%
légume la carotte
55%
légume la tomate
55%
produit laitier le fromage
50%
produit laitier le yaourt
49%
fruit la pêche
46%
fruit le kiwi
40%
ingrédients le sel
39%
boisson le thé
39%
pain la baguette
37%
boisson le café
34%
fruit le citron
34%
légume la pomme de terre
33%
légume le concombre
33%
fruit l'orange
33%
boisson le vin
31%
légume la salade
28%
ingrédients le sucre
28%
ingrédients le poivre
25%
produit laitier le beurre
24%
boisson la bière
23%
ingrédients la farine
23%
dessert le gâteau
23%
viande le steak
23%
dessert le chocolat
21%
plat principal les pâtes
20%
fruit l'ananas
19%
boisson le jus d'orange
16%
boisson le sirop
15%
légume l'aubergine
13%
pain le croissant
13%
vinade le jambon
13%
plat principal les frites
12%
viande la saucisse
11%
plat principal le riz
11%
plat principal la pizza
8%
petit déjeuner la confiture
7%
légume l'oignon
7%
petit déjeuner l'oeuf
6%
boisson l'eau minérale
4%
viande le salami
3%
plat principal les spaghettis
3%
Aucun quiz correspondant
Distribution des résultats
% des personnes avec chaque résultat
Percentile par nombre de réponses
Votre historique - résultats
Vous n’avez pas pris ce quiz